Statistics for Kirby Air Ride

Click here to take the quiz!

General Stats

  • This quiz has been taken 33 times
  • The average score is 12 of 20

Answer Stats

Hint Vehicle % Correct
Lengendary vehicle that destroys other vehicles in one hitHydra
81%
Lengendary vehicle that appears in 'Super Smash Bros Brawl'Dragoon
81%
Trademark vehicle of KirbyWarpstar
81%
King that rides on a small bikeKing Dedede
73%
Bat with a swordMeta Knight
65%
Add 'Flight' to the front of the answer for #2Flight Warpstar
65%
Biggest member of the 'Wheelie' familyRex Wheelie
65%
The King rides this vehicleWheelie Bike
65%
Destoys most vehicles in one spinShadow Star
65%
Speeds up by glidingJet Star
58%
Fastest vehicle (besides #7) when going forward in a straight pathFormula Star
58%
Smallest member of the 'Wheelie' familyWheelie Scooter
58%
Has the same name of the villain from "Wreck-It-Ralph"Turbo Star
58%
Star off with when playing 'City Trial'Compact Star
54%
Slow but great at glidingWinged Star
54%
Needs to charge to move, extremely heavyBulk Star
54%
Gets a great boost once fully chargedRocket Star
50%
Sort of looks like an ice cream truck, can't chargeWagon Star
50%
Fast but makes it impossible to drive without stopping every few secondsSwerve Star
42%
Hard to control vehicle, has the same name as a type of fabricSilk Star
31%

Score Distribution

Percentile by Number Answered

Percent of People with Each Score

Your Score History

You have not taken this quiz